| 000 | 00560nam a2200229Ia 4500 | ||
|---|---|---|---|
| 003 | OSt | ||
| 005 | 20220916111020.0 | ||
| 006 | a|||||r|||| 00| 0 | ||
| 007 | ta | ||
| 008 | 220915b |||||||| |||| 00| 0 fre d | ||
| 024 | _a99722 | ||
| 037 | _cTextbook | ||
| 040 |
_bfre _aARTS _cARTS |
||
| 041 | _afre | ||
| 082 | _aV1-53:17:N5, 122K3 | ||
| 100 | _aVirad R | ||
| 245 | 0 | _aLa fin de L'empire colonial francais | |
| 260 | _c1963 | ||
| 650 | _aHISTORY | ||
| 942 |
_hV1-53:17:N5, 122K3 _cTB _2CC |
||
| 999 |
_c103400 _d103400 |
||